El cardenal Jiménez de Cisneros y la iglesia española a fines del siglo XV y principios del XVI para la ilustrar la historia crítica de la Inquisición / (Record no. 155177)

MARC details
000 -LEADER
campo de control de longitud fija 00889nam a2200217 i 4500
001 - NÚMERO DE CONTROL
campo de control 155177
003 - IDENTIFICADOR DE NÚMERO DE CONTROL
campo de control ES-MaACL
005 - FECHA Y HORA DE LA ÚLTIMA TRANSACCIÓN
campo de control 20251015145632.0
008 - DATOS DE LONGITUD FIJA--INFORMACIÓN GENERAL
campo de control de longitud fija 950419s1869 sp |||| | spa d
040 ## - FUENTE DE CATALOGACIÓN
Centro catalogador/agencia de origen EUS
Lengua de catalogación spa
Centro/agencia transcriptor EUS
080 ## - NÚMERO DE LA CLASIFICACIÓN DECIMAL UNIVERSAL
Número de la Clasificación Decimal Universal 272(46)
100 1# - ENTRADA PRINCIPAL--NOMBRE DE PERSONA
Nombre de persona Hefele, Karl Joseph von,
Fechas asociadas al nombre 1809-1893
9 (RLIN) 62309
245 13 - MENCIÓN DEL TÍTULO
Título El cardenal Jiménez de Cisneros y la iglesia española a fines del siglo XV y principios del XVI para la ilustrar la historia crítica de la Inquisición /
Mención de responsabilidad, etc. por CH.J. Hefele.
260 ## - PUBLICACIÓN, DISTRIBUCIÓN, ETC.
Lugar de publicación, distribución, etc. Barcelona :
Nombre del editor, distribuidor, etc. [s.n.],
Fecha de publicación, distribución, etc. 1869 (
Fabricante Imprenta del Diario de Barcelona)
300 ## - DESCRIPCIÓN FÍSICA
Extensión 382 p. ;
Dimensiones 21 cm.
600 14 - PUNTO DE ACCESO ADICIONAL DE MATERIA--NOMBRE DE PERSONA
Nombre de persona Jiménez de Cisneros, Francisco,
Fechas asociadas al nombre 1436-1517
9 (RLIN) 66495
650 #4 - PUNTO DE ACCESO ADICIONAL DE MATERIA--TÉRMINO DE MATERIA
Término de materia o nombre geográfico como elemento de entrada Inquisición-
Subdivisión geográfica España-
Subdivisión de forma Historia.
9 (RLIN) 13799
651 ## - PUNTO DE ACCESO ADICIONAL DE MATERIA--NOMBRE GEOGRÁFICO
Nombre geográfico España-
Subdivisión general Historia-
Subdivisión cronológica 1474-1516, Reyes Católicos.
9 (RLIN) 8222
852 ## - LOCALIZACIÓN
Ubicación ES-MaACL
Número de control de estantería F-4033
Nota libre -- Enc. hol.
Holdings
Estatus retirado Estado de pérdida Estado de daño No para préstamo Colección Biblioteca de origen Biblioteca actual Ubicación en estantería Fecha de adquisición Fuente de adquisición Total de préstamos Signatura topográfica completa Código de barras Visto por última vez Precio de reemplazo Tipo de ítem Koha
        Libros del s. XIX Biblioteca del Ateneo de Madrid Biblioteca del Ateneo de Madrid Depósito 2 17/01/2008     F-4033 1162323 23/02/2023 23/02/2023 Libro impreso antiguo